000 005970000a22001810004500
003 MACL
005 20160608155944.0
008 160608b xxu||||| |||| 00| 0 eng d
040 _aMACL
_cMACL
041 _aHindi
082 _a954
100 _aसिंह, रामपाल
_960935
245 _aभारतीय सेना का इतिहास
_cरामपाल सिंह
260 _aनई दिल्‍ली
_bबैनियन ट्री पब्लिशर्स
_c2011
350 _a500
650 _aइतिहास
_963184
942 _cHIN
_k954
_2ddc
999 _c47921
_d47921